N'oubliez pas les paroles ! #4 - Statistiques

Statistiques générales
  • Ce quiz a été pris 81 fois
  • Le résultat moyen est 4 sur 10
Statistiques - réponses
Chansons Chanteurs Paroles précédentes Paroles à trouver Paroles suivantes % Correct
Wannabe Spice Girls So tell me what you want, what you really, really want
I wanna (Hey!), I wanna (Hey!), I wanna (Hey!), I wanna (Hey!)
I wanna really, really, really wanna "zig-a-zig", ah
If you wanna be my lover You gotta get with my friends
78%
Bohemian Rhapsody Queen I'm just a poor boy, I need no sympathy
Because I'm easy come, easy go
A little high, little low
Anyway the wind blows, doesn't really matter to me, to me
Mama, just killed a man Put a gun against his head
63%
Billie Jean Michael Jackson
And mother always told me be careful of who you love
Be careful of what you do 'cause the lie becomes the truth
Billie Jean is not my lover She's just a girl who claims that I am the one
52%
Lemon Tree Fools Garden I'd like to change my point of view
I feel so lonely, I'm waitin' for you
But nothing ever happens
And I wonder
I wonder how, I wonder why Yesterday, you told me about the blue, blue sky
45%
Forever Young Alphaville can you imagine when this race is won
turn our golden faces into the sun
praising our leaders we're getting in tune
the music's played by the madmen
Forever young, i want to be forever young Do you really want to live forever
32%
Take on me A-Ha But I'll be stumbling away Slowly learning that life is okay
Say after me
It's no better to be safe than sorry
Take on meTake me on I'll be gone In a day or two
32%
Careless Whisper George Michael And waste a chance that I've been given
So I'm never gonna dance again
The way I danced with you, oh
Never without your love
Tonight, the music seems so loud I wish that we could lose this crowd
22%
Still loving you Scorpions Just shouldn't be thrown away
I will be there, I will be there
If we'd go again
All the way from the start
I would try to change The things that killed our love
18%
Losing my Religion R.E.M Oh life, it's bigger It's bigger than you And you are not me The lengths that I will go to
15%
Could you be loved Bob Marley So go to hell if what you're thinking is not right!
Love would never leave us alone,
A-yin the darkness there must come out to light
Could you be loved... Then be loved... Could you be loved.. Then be loved...
0%
Aucun quiz correspondant
Distribution des résultats
% des personnes avec chaque résultat
Percentile par nombre de réponses
Votre historique - résultats
Vous n’avez pas pris ce quiz